Nariadenie vlády SR o požiadavkách na používanie označenia, symbolov a signálov na zaistenie bezpečnosti a ochrany zdravia pri práci
Nariadenie vlády SR č. 444 z 15. augusta 2001 o požiadavkách na požívanie označenia, symbolov a signálov na zaistenie bezpečnosti a ochrany zdravia pri práci V prílohách sa nachádzajú minimálne požiadavky na jednotlivé označenia, symboly, signály i značky.
Salvato in:
| Natura: | Capitolo di libro |
|---|---|
| Lingua: | slovacco |
| Soggetti: | |
| Tags: |
Nessun Tag, puoi essere il primo ad aggiungerne!!
|
MARC
| LEADER | 00000naa a2200000 4500 | ||
|---|---|---|---|
| 001 | r044014 | ||
| 005 | 20230927104620.3 | ||
| 041 | 0 | |a slo | |
| 044 | |a SK | ||
| 245 | 1 | 0 | |a Nariadenie vlády SR o požiadavkách na používanie označenia, symbolov a signálov na zaistenie bezpečnosti a ochrany zdravia pri práci |
| 520 | |a Nariadenie vlády SR č. 444 z 15. augusta 2001 o požiadavkách na požívanie označenia, symbolov a signálov na zaistenie bezpečnosti a ochrany zdravia pri práci V prílohách sa nachádzajú minimálne požiadavky na jednotlivé označenia, symboly, signály i značky. | ||
| 610 | 2 | 0 | |a bezpečnosť práce |
| 610 | 2 | 0 | |a ochrana zdravia |
| 610 | 2 | 0 | |a práca |
| 610 | 2 | 0 | |a symboly |
| 610 | 2 | 0 | |a úpravy právne |
| 610 | 2 | 0 | |a Slovensko |